| 000 | nam a22 a 4500 | ||
|---|---|---|---|
| 999 |
_c1763 _d1763 |
||
| 003 | AKMAL | ||
| 005 | 20170511152919.0 | ||
| 008 | 170511t1994 enka e i 001 0 eng d | ||
| 020 | _a0006383823 | ||
| 040 | _aAKMAL | ||
| 082 | 0 | 4 | _a338.5443 MCR |
| 090 |
_a338.5443 _bMCR |
||
| 100 | 1 |
_aMcRae, Hamish _93643 |
|
| 245 | 1 | 4 |
_aThe world in 2020 : _bpower, culture and prosperity : a vision of the future / _cHamish McRae |
| 260 |
_aLondon : _bHarperCollins, _c1994 |
||
| 300 |
_axiii, 302p. : _bill. ; _c24cm. |
||
| 500 | _aIncludes index | ||
| 650 | 1 | 0 |
_aEconomics _xPhilosophy _93644 |
| 650 | 2 | 0 |
_aManagement and Business Studies _91121 |
| 942 |
_2ddc _cBOOK |
||